[Event "IECC M email"]
[Site "IECC email"]
[Date "2000.05.05"]
[Round "?"]
[White "Agnew, George Hartwell"]
[Black "Kitachewsky, Daniel"]
[Result "0-1"]
[WhiteElo "1393"]
[BlackElo "1607"]
[PlyCount "65"]
[EventDate "2000.??.??"]
[EventType "tourn (corr)"]
[EventRounds "2"]
[SourceTitle "Corr 2008"]
[Source "ChessBase"]
[SourceDate "2008.06.24"]
[SourceVersion "1"]
[SourceVersionDate "2008.06.24"]
[SourceQuality "1"]

1. c4 Nf6 2. Nc3 e6 3. Nf3 Bb4 4. Qb3 c5 5. a3 Bxc3 6. Qxc3 Nc6 7. d3 b6 8. e4 Qc7 9. Bg5 e5 10. Be2 0-0 11. Bxf6 gxf6 12. Qd2 d6 13. Qh6 Qe7 14. 0-0-0 Nd4 15. Nxd4 cxd4 16. f4 Bd7 17. f5 Kh8 18. g4 Rg8 19. Rdg1 Rg7 20. b4 Rag8 21. h3 b5 22. Kb2 bxc4 23. dxc4 Ba4 24. b5 a6 25. Qd2 axb5 26. cxb5 Qb7 27. Qb4 Qxe4 28. Bd1 Bxd1 29. Rxd1 Rc8 30. Qb3 Rc3 31. Qa4 Rg8 32. Qb4 Qc2+ 33. Ka1 0-1